[Event "Titled Tue 26th Aug Early"]
[Site "chess.com INT"]
[Date "2025.08.26"]
[Round "7"]
[White "Williams, Simon K"]
[Black "Smietanska, Wiktoria"]
[Result "0-1"]
[WhiteTitle "GM"]
[BlackTitle "CM"]
[WhiteElo "2444"]
[BlackElo "2237"]
[WhiteFideId "404454"]
[BlackFideId "21869359"]
[EventDate "2025.08.26"]

1. d4 d5 2. Bg5 c5 3. e4 dxe4 4. d5 h6 5. Bh4 Nd7 6. Nc3 Ngf6 7. f3 exf3 8. Nxf3
g6 9. a4 Bg7 10. Bc4 O-O 11. O-O Nb6 12. Ba2 Bg4 13. a5 Nbd7 14. h3 Bxf3 15.
Qxf3 Qc7 16. a6 bxa6 17. Bg3 Qb6 18. Bc4 Qb4 19. Ra4 Qb7 20. Bxa6 Qb6 21. Bc4
Nh5 22. Bf2 Ne5 23. Qe2 Qxb2 24. Nb5 Nf4 25. Qe4 Nxc4 26. Qxc4 Nh5 27. Bxc5 Rfc8
28. d6 e6 29. d7 Rd8 30. Rd1 Bf6 31. Rb4 Qe5 32. Bd4 Rxd7 33. Bxe5 Rxd1+ 34. Kf2
Bxe5 35. Qe4 Bg3+ 36. Kf3 Rf1+ 37. Ke2 Re1+ 38. Kf3 Rxe4 39. Rxe4 a6 40. Nd4 Bd6
41. g4 Nf6 42. Re3 e5 43. Nc6 e4+ 44. Ke2 Re8 45. Rb3 Nd5 46. Rb7 f5 47. g5 hxg5
48. Rd7 Nf4+ 49. Ke3 Bc5+ 50. Kd2 e3+ 51. Ke1 e2 0-1

[Event "Titled Tue 26th Aug Early"]
[Site "chess.com INT"]
[Date "2025.08.26"]
[Round "7"]
[White "Dishman, Stephen"]
[Black "Fernandes, Rogerio Paulo Muller"]
[Result "1-0"]
[WhiteTitle "FM"]
[WhiteElo "2254"]
[BlackElo "2241"]
[WhiteFideId "403024"]
[BlackFideId "2101599"]
[EventDate "2025.08.26"]

1. d4 Nf6 2. Bg5 c5 3. d5 Qb6 4. Nc3 Qxb2 5. Bd2 Qb6 6. e4 d6 7. f4 e5 8. f5 a6
9. g4 h6 10. Rb1 Qc7 11. a4 Be7 12. h4 Bd7 13. Bg2 b5 14. axb5 axb5 15. Nxb5
Bxb5 16. Rxb5 Nbd7 17. g5 hxg5 18. hxg5 Rxh1 19. Bxh1 Ng8 20. Nf3 Ra4 21. Nh2
Qa7 22. Bc3 Rc4 23. Bd2 Qa4 24. Qb1 Qxc2 25. Qxc2 Rxc2 26. Ng4 f6 27. g6 Bd8 28.
Bf3 Rc4 29. Ne3 Ra4 30. Rb7 Ne7 31. Kd1 Nc8 32. Kc2 Ncb6 33. Nd1 Ra2+ 34. Nb2
Nc4 35. Bc3 Nxb2 36. Bxb2 Ra4 37. Kb3 Ra8 38. Bc1 Rb8 39. Rxb8 Nxb8 40. Be2 Kd7
41. Bb5+ Kc7 42. Bh6 Nd7 43. Bxd7 Kxd7 44. Bxg7 Ke7 45. Bh6 Ke8 46. Kc4 Be7 47.
Kb5 Bf8 48. Bd2 Kd7 49. Be1 Bh6 50. Bh4 Bg7 51. Bf2 Kc7 52. Be3 Kb7 53. Bd2 Kc7
54. Ba5+ 1-0

[Event "Titled Tue 26th Aug Early"]
[Site "chess.com INT"]
[Date "2025.08.26"]
[Round "7"]
[White "Papasimakopoulos, Alexandros"]
[Black "Kosakowski, Jakub"]
[Result "1-0"]
[WhiteTitle "IM"]
[BlackTitle "GM"]
[WhiteElo "2361"]
[BlackElo "2542"]
[WhiteFideId "4244125"]
[BlackFideId "1185080"]
[EventDate "2025.08.26"]

1. d4 f5 2. Nc3 Nf6 3. Bg5 d5 4. e3 e6 5. Bd3 Nbd7 6. Nf3 Be7 7. O-O c5 8. dxc5
Nxc5 9. Be2 O-O 10. Nb5 a6 11. Nbd4 Bd6 12. c4 e5 13. Nb3 Nce4 14. Qxd5+ Nxd5
15. Bxd8 Nxe3 16. fxe3 Rxd8 17. Rfd1 Be6 18. Nfd2 Nxd2 19. Rxd2 Bb4 20. Rxd8+
Rxd8 21. a3 Be7 22. Rc1 Bg5 23. Rc3 e4 24. Kf2 f4 25. exf4 Bxf4 26. g3 Bg5 27.
Nc5 Bf5 28. g4 Bg6 29. Nxb7 e3+ 30. Rxe3 Bxe3+ 31. Kxe3 Re8+ 32. Kd2 Re5 33. b4
Kf8 34. c5 Ke7 35. Bxa6 h5 36. h3 hxg4 37. hxg4 Be8 38. Nd6 Bd7 39. Be2 Rd5+ 40.
Ke3 Re5+ 41. Kd3 Rd5+ 42. Ke4 Rd2 43. Ke3 Ra2 44. Nc4 Bb5 45. Bd3 Bxc4 46. Bxc4
Rxa3+ 47. Bd3 Ra4 48. b5 Rxg4 49. b6 Rb4 50. Kd2 Kd8 51. Kc3 Ra4 52. c6 Ra3+ 53.
Kc4 Ra5 54. Kb4 Rd5 55. c7+ Kd7 56. Bb5+ Kc8 57. Ba6+ 1-0

[Event "Titled Tue 26th Aug Early"]
[Site "chess.com INT"]
[Date "2025.08.26"]
[Round "7"]
[White "Shandrygin, Nikita"]
[Black "Fellowes, Billy"]
[Result "1-0"]
[WhiteTitle "FM"]
[BlackTitle "CM"]
[WhiteElo "2209"]
[BlackElo "2122"]
[WhiteFideId "24198668"]
[BlackFideId "483540"]
[EventDate "2025.08.26"]

1. e4 Nc6 2. Nc3 Nf6 3. d4 d6 4. f3 g6 5. Nge2 Bg7 6. Be3 O-O 7. Qd2 e5 8. O-O-O
a6 9. h4 h5 10. dxe5 dxe5 11. Nd5 Nxd5 12. exd5 Nd4 13. Nxd4 exd4 14. Bxd4 Qxd5
15. Bxg7 Qxd2+ 16. Rxd2 Kxg7 17. Bd3 Be6 18. Be4 c6 19. b3 a5 20. a4 Kf6 21. g3
Rfd8 22. Rhd1 Rxd2 23. Rxd2 Ke7 24. Kb2 Rc8 25. Kc3 Kf6 26. Rd1 Ke5 27. b4 axb4+
28. Kxb4 Ra8 29. a5 Kf6 30. Ra1 Ke5 31. Kc5 Ra6 32. c3 Bc8 33. Bd3 Ra8 34. Kb6
Kd6 35. Bc4 f5 36. Rd1+ Ke7 37. f4 Bd7 38. Ra1 Kd6 39. Kxb7 Re8 40. a6 Bc8+ 41.
Kb6 Bxa6 42. Bxa6 Re3 43. c4 Rxg3 44. c5+ Ke7 45. Kxc6 Rg4 46. Re1+ Kf6 47. Kb7
Rxf4 48. c6 Rb4+ 49. Kc8 f4 50. c7 Rb6 51. Kd7 Rxa6 52. c8=Q 1-0

[Event "Titled Tue 26th Aug Early"]
[Site "chess.com INT"]
[Date "2025.08.26"]
[Round "7"]
[White "Pavlov, Nikolay"]
[Black "Huschenbeth, Niclas"]
[Result "1-0"]
[WhiteTitle "FM"]
[BlackTitle "GM"]
[WhiteElo "2316"]
[BlackElo "2591"]
[WhiteFideId "24141470"]
[BlackFideId "24604747"]
[EventDate "2025.08.26"]

1. e4 c5 2. Nf3 d6 3. d4 cxd4 4. Nxd4 Nf6 5. Nc3 a6 6. Be2 e5 7. Nb3 Be7 8. O-O
O-O 9. Qd3 Be6 10. Rd1 Nc6 11. a3 a5 12. Be3 a4 13. Nd2 Ng4 14. Bxg4 Bxg4 15. f3
Be6 16. Nc4 Nd4 17. Bxd4 exd4 18. Qxd4 Bf6 19. Qd3 Rc8 20. Nd5 Bxd5 21. Qxd5 Rc5
22. Qxc5 dxc5 23. Rxd8 Rxd8 24. e5 b5 25. exf6 bxc4 26. Re1 gxf6 27. Re4 Rd4 28.
Kf2 f5 29. Re8+ Kg7 30. Ke2 Rd5 31. Ra8 Re5+ 32. Kd2 Rd5+ 33. Kc3 Re5 34. Rxa4
Re2 35. Rxc4 Rxg2 36. Rxc5 Rxh2 37. Rxf5 h5 38. a4 Kg6 39. Rd5 h4 40. Rd1 Rf2
41. a5 Rxf3+ 42. Kb4 Rf6 43. c4 Kg5 44. Kb5 h3 45. a6 Rh6 46. a7 Rh8 47. Kb6 f5
48. c5 f4 49. c6 f3 50. c7 h2 51. Kb7 f2 52. c8=Q Rxc8 53. Kxc8 1-0

[Event "Titled Tue 26th Aug Early"]
[Site "chess.com INT"]
[Date "2025.08.26"]
[Round "7"]
[White "Grieve, Harry"]
[Black "Korchynskyi, Mykola"]
[Result "0-1"]
[WhiteTitle "IM"]
[BlackTitle "FM"]
[WhiteElo "2479"]
[BlackElo "2359"]
[WhiteFideId "426520"]
[BlackFideId "34138005"]
[EventDate "2025.08.26"]

1. e4 e6 2. d4 d5 3. Nc3 dxe4 4. Nxe4 Nd7 5. Nf3 Ngf6 6. Nxf6+ Nxf6 7. Be3 b6 8.
Bd3 Bb7 9. Qe2 Qd5 10. Bb5+ Bc6 11. c4 Bxb5 12. cxb5 Bb4+ 13. Kf1 O-O 14. a3 Bd6
15. Rc1 Rac8 16. Qc4 Qf5 17. h3 Nd5 18. Qc2 Nxe3+ 19. fxe3 Qxb5+ 20. Qe2 Qd7 21.
Kf2 c5 22. Rhd1 cxd4 23. Nxd4 Bc5 24. Qg4 Bxd4 25. Qxd4 Qxd4 26. exd4 g6 27. Ke3
Kg7 28. b4 Kf6 29. Ke4 Ke7 30. b5 Kd6 31. a4 f5+ 32. Kf4 h6 33. h4 Kd5 34. Re1
Rg8 35. Kf3 g5 36. h5 Rxc1 37. Rxc1 Rg7 38. Ke3 Re7 39. Rc6 f4+ 40. Kd3 g4 41.
Rc8 e5 42. Rd8+ Ke6 43. d5+ Kf5 44. Rf8+ Kg5 45. Ke4 Kxh5 46. d6 Rg7 47. Kxe5 f3
48. g3 Kg6 49. Ke6 h5 50. d7 Rxd7 51. Kxd7 h4 52. gxh4 Kh5 53. Rh8+ Kg6 54. Rf8
Kh5 55. Rh8+ Kg6 0-1

[Event "Titled Tue 26th Aug Early"]
[Site "chess.com INT"]
[Date "2025.08.26"]
[Round "7"]
[White "Rossi, Maximiliano"]
[Black "Ienasoaie, Rafael"]
[Result "1-0"]
[BlackTitle "CM"]
[WhiteElo "2013"]
[BlackElo "2168"]
[WhiteFideId "113425"]
[BlackFideId "1266659"]
[EventDate "2025.08.26"]

1. e4 c5 2. Nf3 Nc6 3. Bb5 e6 4. O-O Nge7 5. b3 Nd4 6. Nxd4 cxd4 7. Bb2 a6 8.
Be2 Nc6 9. c3 Bc5 10. cxd4 Bxd4 11. Nc3 O-O 12. Kh1 f5 13. exf5 Rxf5 14. Bf3 d5
15. Rb1 Qd6 16. Ne2 Bxb2 17. Rxb2 e5 18. Ng3 Rf7 19. Bg4 Qg6 20. Bxc8 Rxc8 21.
Rc2 Rcf8 22. f3 h5 23. Rc5 Qd6 24. Rxc6 bxc6 25. Nxh5 Qh6 26. Ng3 e4 27. fxe4
Rxf1+ 28. Nxf1 dxe4 29. Qe2 Qf6 30. Kg1 Qd4+ 31. Qe3 c5 32. g3 Rf3 33. Qxd4 cxd4
34. Kg2 Rf5 35. g4 Ra5 36. a4 Kf7 37. Ng3 Re5 38. Nf5 e3 39. dxe3 dxe3 40. Kf1
g6 41. Nd6+ Ke6 42. Nc4 Re4 43. Ke2 Rxg4 44. Nxe3 Rh4 45. Kd3 Rxh2 46. b4 Kd6
47. b5 axb5 48. axb5 Rh4 49. b6 Kc6 50. Nc4 Kc5 51. b7 Rd4+ 52. Ke2 Rd8 53. Ne5 1-0

[Event "Titled Tue 26th Aug Early"]
[Site "chess.com INT"]
[Date "2025.08.26"]
[Round "7"]
[White "Pertinez Soria, Juan Luis"]
[Black "Mesquita, Eduardo Barbosa"]
[Result "1-0"]
[WhiteTitle "CM"]
[WhiteElo "2125"]
[BlackElo "2060"]
[WhiteFideId "2225620"]
[BlackFideId "22757163"]
[EventDate "2025.08.26"]

1. e4 c5 2. c3 d5 3. exd5 Nf6 4. d4 cxd4 5. Nf3 Qxd5 6. cxd4 Bg4 7. Be2 e6 8.
Nc3 Bb4 9. O-O Bxc3 10. bxc3 Nbd7 11. h3 Bh5 12. Ba3 Rc8 13. c4 Qc6 14. Rc1 Nb6
15. Qb3 Qd7 16. Rfd1 Qa4 17. d5 Qxb3 18. axb3 exd5 19. cxd5 Rxc1 20. Rxc1 Nfxd5
21. g4 Bg6 22. Bb5+ Kd8 23. Rd1 Kc7 24. Ne5 a6 25. Bf1 Re8 26. Nxg6 hxg6 27. Bg2
Rd8 28. Bc5 Kc6 29. Bxb6 Kxb6 30. Rxd5 Rc8 31. Rd7 Rc1+ 32. Kh2 Rb1 33. Rxb7+
Kc5 34. Kg3 g5 35. Bf3 a5 36. Rxf7 Rxb3 37. Rxg7 a4 38. Rxg5+ Kb4 39. Kg2 a3 40.
Rg8 a2 41. Rb8+ Ka4 42. Bc6+ Ka5 43. Ra8+ Kb6 44. Rxa2 Kxc6 45. Rd2 Rc3 46. f3
Rc1 47. h4 Rc4 48. h5 Rc5 49. Kg3 Rc3 50. g5 Rc1 51. h6 Rg1+ 52. Kf4 Rh1 53. Kf5
Rg1 54. f4 Rh1 55. Kg6 Rh4 56. f5 Rf4 57. h7 Rf2 58. h8=Q Rxd2 59. Qc3+ Kd5 60.
Qxd2+ Ke4 61. f6 Ke5 62. f7 Ke4 63. f8=Q Ke5 64. Qe7# 1-0

[Event "Titled Tue 26th Aug Early"]
[Site "chess.com INT"]
[Date "2025.08.26"]
[Round "7"]
[White "Srihari, L R"]
[Black "Gibala, Adam"]
[Result "1-0"]
[WhiteTitle "GM"]
[BlackTitle "FM"]
[WhiteElo "2482"]
[BlackElo "2300"]
[WhiteFideId "46617116"]
[BlackFideId "21070288"]
[EventDate "2025.08.26"]

1. e4 c6 2. Nf3 d5 3. d3 g6 4. e5 Bg7 5. d4 f6 6. Bf4 Nh6 7. h3 O-O 8. Bd3 Nd7
9. Qd2 Nf5 10. Bxf5 gxf5 11. e6 Nb6 12. Qe2 Nc4 13. Nh4 Qb6 14. Nxf5 Kh8 15. b3
Nd6 16. Bxd6 exd6 17. O-O Re8 18. Qg4 Qc7 19. e7 Bxf5 20. Qxf5 Qxe7 21. Nd2 Qe6
22. Qxe6 Rxe6 23. Rfe1 Rae8 24. Rxe6 Rxe6 25. Kf1 f5 26. Nf3 Re4 27. Rd1 h6 28.
c3 Kg8 29. Nd2 Re6 30. Re1 Kf7 31. Rxe6 Kxe6 32. Ke2 b5 33. b4 f4 34. Kf3 Kf5
35. g3 fxg3 36. fxg3 h5 37. Nf1 c5 38. Ne3+ Ke6 39. Nc2 Kf5 40. g4+ hxg4+ 41.
hxg4+ Kg5 42. dxc5 dxc5 43. bxc5 Bxc3 44. c6 Be5 45. Nb4 d4 46. Nd5 d3 47. c7 d2
48. Ke2 Bxc7 49. Nxc7 Kxg4 50. Nxb5 a6 51. Nc3 Kf4 52. Kxd2 Ke5 53. Kd3 Kd6 54.
Kc4 Kc6 55. a4 Kb6 56. Kb4 a5+ 57. Kc4 Kc6 58. Nb5 Kb6 59. Kd5 Kb7 60. Kc5 1-0

[Event "Titled Tue 26th Aug Early"]
[Site "chess.com INT"]
[Date "2025.08.26"]
[Round "7"]
[White "Myagmarsuren, Evsuld"]
[Black "Advaitt Srikant Koduri"]
[Result "0-1"]
[WhiteTitle "FM"]
[BlackTitle "FM"]
[WhiteElo "2247"]
[BlackElo "2281"]
[WhiteFideId "1551639"]
[BlackFideId "25185454"]
[EventDate "2025.08.26"]

1. d4 d5 2. Nf3 Nf6 3. c4 c6 4. Nc3 dxc4 5. a4 Bf5 6. e3 e6 7. Bxc4 Bb4 8. O-O
O-O 9. Re1 h6 10. Qb3 Qe7 11. h3 Nbd7 12. a5 b5 13. Bf1 a6 14. Bd2 Bxc3 15. Bxc3
c5 16. dxc5 Nxc5 17. Qa3 Rfc8 18. Rac1 Nd5 19. e4 Nxe4 20. Qxe7 Nxe7 21. Be5 f6
22. Bc7 Nd5 23. Bb6 e5 24. Bd3 Nd6 25. Bxf5 Nxf5 26. Nd2 Nd6 27. g3 Kf7 28. Kg2
Nb4 29. Nb3 Nd3 30. Rxc8 Rxc8 31. Rd1 e4 32. Nc5 Nxc5 33. Rxd6 Ke7 34. Bxc5 Rxc5
35. Rxa6 b4 36. Rb6 Rxa5 37. Rxb4 f5 38. Rb7+ Kf6 39. h4 g6 40. Rb6+ Kg7 41. h5
gxh5 42. Kh3 Ra1 43. Rb5 Kg6 44. Rb6+ Kg5 45. b4 Rh1+ 46. Kg2 Rb1 47. b5 h4 48.
Rb8 hxg3 49. b6 gxf2 50. Kxf2 Kf4 51. b7 Rb2+ 52. Ke1 Ke3 53. Kf1 f4 54. Kg1 f3
55. Kf1 Rb1# 0-1

[Event "Titled Tue 26th Aug Early"]
[Site "chess.com INT"]
[Date "2025.08.26"]
[Round "7"]
[White "Unsal, Gorkem"]
[Black "Punin, Andrii"]
[Result "1-0"]
[WhiteTitle "CM"]
[BlackTitle "FM"]
[WhiteElo "2145"]
[BlackElo "2289"]
[WhiteFideId "51607484"]
[BlackFideId "14112639"]
[EventDate "2025.08.26"]

1. e4 d5 2. exd5 Qxd5 3. Nc3 Qa5 4. d4 Nf6 5. Nf3 c6 6. Bc4 Bf5 7. O-O e6 8. Re1
Nbd7 9. Bd2 Qc7 10. Ne5 Nxe5 11. dxe5 Nd5 12. Nxd5 exd5 13. Bd3 Bxd3 14. cxd3
Qd7 15. Qh5 g6 16. Qh4 Qe6 17. Bg5 Bg7 18. Bf6 O-O 19. Re3 Rae8 20. Rae1 h5 21.
d4 b6 22. b4 a5 23. a3 axb4 24. axb4 Kh7 25. h3 Ra8 26. g4 Bh6 27. gxh5 g5 28.
Qg4 Ra4 29. Rb1 Rfa8 30. Rc3 Ra1 31. Rxa1 Rxa1+ 32. Kg2 Qxg4+ 33. hxg4 Rd1 34.
Rxc6 Rxd4 35. e6 Rxg4+ 36. Kh3 Rh4+ 37. Kg3 fxe6 38. Rxe6 Rxb4 39. Re7+ Kg8 40.
Rd7 Rb5 41. Kg4 d4 42. Bxd4 Bf8 43. f3 Bh6 44. Rd6 Bg7 45. h6 Bxd4 46. Rxd4 Kh7
47. Rd6 Rb1 48. Kxg5 b5 49. Rd7+ Kh8 50. Kg6 Rg1+ 51. Kf6 Rh1 52. h7 b4 53. Rc7
b3 54. Rb7 b2 55. Rxb2 Kxh7 56. f4 1-0

[Event "Titled Tue 26th Aug Early"]
[Site "chess.com INT"]
[Date "2025.08.26"]
[Round "7"]
[White "Ono, David"]
[Black "Osetrov, Dmitrij"]
[Result "0-1"]
[BlackTitle "CM"]
[WhiteElo "2110"]
[BlackElo "2202"]
[WhiteFideId "146943"]
[BlackFideId "44139713"]
[EventDate "2025.08.26"]

1. c4 Nf6 2. g3 g6 3. Bg2 Bg7 4. Nc3 O-O 5. e3 c6 6. Nge2 d5 7. b3 e5 8. d4 e4
9. h3 Be6 10. Qc2 Na6 11. a3 Qd7 12. b4 dxc4 13. Nxe4 Nxe4 14. Bxe4 b5 15. Nf4
Nc7 16. Bd2 Nd5 17. Nxe6 Qxe6 18. Bg2 Bxd4 19. Rd1 Bg7 20. O-O Rad8 21. a4 a6
22. e4 Nb6 23. axb5 axb5 24. Be3 Na4 25. Rxd8 Rxd8 26. Rd1 Rxd1+ 27. Qxd1 Qe7
28. e5 c5 29. Bc6 cxb4 30. Bxb5 Nc3 31. Qf1 Nxb5 32. Qxc4 Nc7 33. Bc5 Qxe5 34.
Bxb4 Ne6 35. Qc8+ Bf8 36. Bc3 Qc7 37. Qxc7 Nxc7 38. Kg2 Bg7 39. Ba5 Ne6 40. Bb6
Bd4 41. Ba5 Nc5 42. f4 Kf8 43. g4 Ke7 44. Kf3 Ke6 45. Bc7 Kd5 46. h4 h5 47. f5
Be5 48. Bb6 Nd7 49. Bd8 Bf6 50. Bxf6 Nxf6 51. fxg6 fxg6 52. gxh5 Nxh5 53. Kg4
Ke6 54. Kg5 Kf7 55. Kh6 Kf6 56. Kh7 Ng3 57. Kh6 Nf5+ 58. Kh7 Nxh4 59. Kh6 Nf5+
60. Kh7 g5 61. Kg8 g4 62. Kf8 g3 0-1

[Event "Titled Tue 26th Aug Early"]
[Site "chess.com INT"]
[Date "2025.08.26"]
[Round "7"]
[White "Le, Tuan Minh"]
[Black "Maghsoodloo, Parham"]
[Result "1-0"]
[WhiteTitle "GM"]
[BlackTitle "GM"]
[WhiteElo "2598"]
[BlackElo "2695"]
[WhiteFideId "12401153"]
[BlackFideId "12539929"]
[EventDate "2025.08.26"]

1. d4 Nf6 2. Nf3 e6 3. Bf4 c5 4. c3 Nc6 5. e3 h6 6. Nbd2 Nh5 7. Bg3 d5 8. Bd3
Bd7 9. Be5 Nf6 10. O-O Nxe5 11. Nxe5 Bd6 12. f4 Qb6 13. Qe2 a6 14. Nxd7 Nxd7 15.
Nf3 c4 16. Bb1 f5 17. g4 g6 18. Kh1 Nf6 19. gxf5 gxf5 20. Ne5 Rg8 21. Bc2 O-O-O
22. b3 cxb3 23. axb3 Bxe5 24. fxe5 Ne4 25. Bxe4 dxe4 26. Qc4+ Kb8 27. Rg1 Rg5
28. b4 Rc8 29. Qb3 Qc6 30. Rac1 f4 31. c4 f3 32. Rxg5 hxg5 33. Kg1 Qe8 34. Qb1
Qg6 35. b5 axb5 36. Qxb5 Qh5 37. Qb2 g4 38. Rb1 Rc7 39. Qa3 Qh6 40. Ra1 Kc8 41.
d5 exd5 42. cxd5 g3 43. Qa8+ Kd7 44. Qa4+ Ke7 45. d6+ Ke6 46. Qa2+ Kxe5 47. dxc7
f2+ 48. Kf1 Qh3+ 49. Ke2 Qh5+ 50. Kd2 Qxh2 51. Qb2+ Kf5 52. Qb5+ Kg4 53. c8=Q+
Kf3 54. Qcf5+ Kg2 55. Qf1# 1-0

[Event "Titled Tue 26th Aug Early"]
[Site "chess.com INT"]
[Date "2025.08.26"]
[Round "7"]
[White "Gunawardhana, Devindya Oshini"]
[Black "Troltenier, Dirk"]
[Result "1-0"]
[WhiteTitle "WIM"]
[BlackTitle "FM"]
[WhiteElo "2101"]
[BlackElo "2162"]
[WhiteFideId "29941482"]
[BlackFideId "4606400"]
[EventDate "2025.08.26"]

1. g3 d5 2. Bg2 Nf6 3. d4 c5 4. c3 cxd4 5. cxd4 Nc6 6. Nc3 Bf5 7. Nf3 e6 8. O-O
h6 9. Ne5 Bd6 10. f4 O-O 11. e3 Rc8 12. Bd2 Na5 13. g4 Bh7 14. g5 hxg5 15. fxg5
Bxe5 16. dxe5 Nd7 17. e4 dxe4 18. Bf4 Nc5 19. Qg4 Nd3 20. Nxe4 Bf5 21. Qe2 Nxf4
22. Rxf4 Qd4+ 23. Kh1 Qxe5 24. Rff1 Nc4 25. Rae1 Qxb2 26. Qh5 Bg6 27. Qh4 Nd2
28. Rf2 Rc2 29. Nxd2 Rxd2 30. Rxd2 Qxd2 31. Bxb7 Rb8 32. Be4 Bxe4+ 33. Qxe4 Qxg5
34. Rg1 Qd5 35. Qxd5 exd5 36. Rd1 Rd8 37. Rd4 f6 38. Kg2 Rd7 39. Kf2 Kf7 40. Ke2
Ke6 41. Kd3 Ke5 42. Rg4 g5 43. h4 gxh4 44. Rxh4 d4 45. Rh8 f5 46. Re8+ Kf4 47.
a4 Kf3 48. a5 f4 49. a6 Kf2 50. Rb8 f3 51. Rb7 Rd6 52. Rxa7 Ke1 53. Re7+ Kd1 54.
a7 Ra6 55. Rf7 Rxa7 56. Rxa7 Kc1 57. Rf7 1-0

[Event "Titled Tue 26th Aug Early"]
[Site "chess.com INT"]
[Date "2025.08.26"]
[Round "7"]
[White "Rahman, Masruri"]
[Black "Mikhailovsky, Vladimir"]
[Result "0-1"]
[WhiteTitle "IM"]
[BlackTitle "CM"]
[WhiteElo "2407"]
[BlackElo "2215"]
[WhiteFideId "7101163"]
[BlackFideId "34105414"]
[EventDate "2025.08.26"]

1. d4 Nf6 2. Bf4 e6 3. e3 b6 4. Nd2 Bb7 5. Ngf3 Bd6 6. Bg3 O-O 7. Bd3 Bxg3 8.
hxg3 h6 9. e4 d5 10. Qe2 dxe4 11. Nxe4 Nbd7 12. O-O-O Nxe4 13. Bxe4 Bxe4 14.
Qxe4 Nf6 15. Qh4 Qd5 16. Kb1 Qf5 17. Ne5 Rfd8 18. g4 Qg5 19. Qg3 Nd5 20. c4 Nf4
21. Qf3 Rf8 22. Ka1 Ng6 23. Nc6 Kh7 24. g3 Qf6 25. Qe3 e5 26. g5 Qxc6 27. gxh6
Rh8 28. hxg7+ Kxg7 29. Rhe1 exd4 30. Qxd4+ Qf6 31. Qd2 Rad8 32. Qc2 Rxd1+ 33.
Rxd1 Rd8 34. Rh1 Rd7 35. a3 Re7 36. f4 Re3 37. Qh2 Kf8 38. Ka2 Qe6 39. Qc2 Re2
40. Qd3 Re4 41. f5 Qxf5 42. Re1 Re5 43. Qd8+ Kg7 44. Rh1 Qe6 45. Qd4 c5 46. Qc3
b5 47. Qc1 Qxc4+ 48. Qxc4 bxc4 49. Rc1 Rg5 50. Rxc4 a6 51. Ra4 Rxg3 52. Rxa6 f5
53. a4 f4 54. a5 f3 55. Ra7+ Kf6 56. Ra6+ Kg5 57. Rd6 f2 58. Rd5+ Kg4 0-1

[Event "Titled Tue 26th Aug Early"]
[Site "chess.com INT"]
[Date "2025.08.26"]
[Round "7"]
[White "Andreikin, Dmitry"]
[Black "Grischuk, Alexander"]
[Result "0-1"]
[WhiteTitle "GM"]
[BlackTitle "GM"]
[WhiteElo "2695"]
[BlackElo "2667"]
[WhiteFideId "4158814"]
[BlackFideId "4126025"]
[EventDate "2025.08.26"]

1. c4 g6 2. Nf3 Bg7 3. g3 c5 4. Bg2 Nc6 5. O-O e6 6. e3 Nge7 7. d4 cxd4 8. Nxd4
d5 9. cxd5 exd5 10. Nc3 O-O 11. Nde2 Bg4 12. h3 Bxe2 13. Qxe2 d4 14. Rd1 Re8 15.
Nb5 Qb6 16. Qf1 Rad8 17. Nxd4 Nxd4 18. exd4 Bxd4 19. Bg5 Rc8 20. Bxe7 Rxe7 21.
Rd2 Rd8 22. Rad1 Red7 23. Kh2 Rd6 24. b3 Kg7 25. Qe2 a5 26. Qf3 R8d7 27. Qf4 h5
28. h4 Rd8 29. Bxb7 Rf6 30. Qe4 Rxf2+ 31. Rxf2 Bxf2 32. Qe5+ Kh7 33. Rxd8 Qxd8
34. Qf4 Qd7 35. Bc8 Bxg3+ 36. Kxg3 Qxc8 37. Qxf7+ Kh6 38. Qf4+ Kh7 39. Qd4 Qb8+
40. Kf3 Qb7+ 41. Ke3 Qe7+ 42. Qe4 Qc5+ 43. Kd3 Qb5+ 44. Kc3 Qc5+ 45. Kd3 Qb5+
46. Qc4 Qf5+ 47. Ke3 Qe5+ 48. Qe4 Qc3+ 49. Kf4 Qd2+ 50. Ke5 Qxa2 51. Qc4 Qb2+
52. Kd6 Qf6+ 53. Kc5 Kh6 54. Kb5 g5 55. Qc1 Kg6 56. hxg5 Qxg5+ 57. Qxg5+ Kxg5
58. Kxa5 h4 59. b4 h3 60. b5 h2 61. b6 h1=Q 62. Ka6 Qa8+ 63. Kb5 Qb7 0-1

[Event "Titled Tue 26th Aug Early"]
[Site "chess.com INT"]
[Date "2025.08.26"]
[Round "7"]
[White "Dinesh, Rajan M"]
[Black "Vasquez Schroeder, Rodrigo"]
[Result "0-1"]
[WhiteTitle "CM"]
[BlackTitle "GM"]
[WhiteElo "2206"]
[BlackElo "2446"]
[WhiteFideId "35060600"]
[BlackFideId "3400042"]
[EventDate "2025.08.26"]

1. e4 c5 2. Nf3 d6 3. d4 cxd4 4. Nxd4 Nf6 5. Nc3 a6 6. Be3 e5 7. Nf3 Be7 8. Nd2
Ng4 9. Nc4 Nxe3 10. Nxe3 O-O 11. Ncd5 Nc6 12. c3 Be6 13. Be2 Bg5 14. O-O Ne7 15.
Nc4 Bxd5 16. exd5 b5 17. Na3 f5 18. Nc2 Qb6 19. a4 bxa4 20. Qd3 e4 21. Qd4 Qxb2
22. Qxa4 Qxc3 23. Ra3 Qd2 24. Nd4 Bf6 25. Rd1 Qh6 26. Nc6 Ng6 27. Qb4 Be5 28.
Rh3 Qg5 29. Bf1 Qf6 30. Qb6 a5 31. Ba6 a4 32. Bb7 Rae8 33. Qb5 Nf4 34. Ra3 Qg5
35. Qf1 Nd3 36. Rxa4 Nb2 37. Raa1 Nxd1 38. Rxd1 f4 39. Re1 e3 40. f3 Bc3 41. Re2
Kh8 42. Qd1 Rf5 43. Qb3 Bf6 44. Na5 Bd4 45. Bc6 Ref8 46. Nc4 Qf6 47. Qd3 Bc5 48.
h3 Qa1+ 49. Kh2 Qf6 50. Ra2 Qg6 51. Qe2 Qg3+ 52. Kg1 Rh5 53. Kf1 Rg5 54. Rb2 h6
55. Na5 Kh7 56. Nb7 Re5 57. Qd3+ Kh8 58. Re2 Rb8 59. Qc3 Qh2 0-1

[Event "Titled Tue 26th Aug Early"]
[Site "chess.com INT"]
[Date "2025.08.26"]
[Round "7"]
[White "Dyachuk, Artem"]
[Black "Bortnyk, Olexandr"]
[Result "1-0"]
[WhiteTitle "FM"]
[BlackTitle "GM"]
[WhiteElo "2298"]
[BlackElo "2601"]
[WhiteFideId "34107924"]
[BlackFideId "14120828"]
[EventDate "2025.08.26"]

1. e4 e6 2. d4 d5 3. Nc3 Be7 4. Nf3 Nf6 5. e5 Nfd7 6. Ne2 c5 7. c3 Nc6 8. Nf4 h5
9. h4 a6 10. Bd3 cxd4 11. cxd4 Nb6 12. Kf1 Bd7 13. b3 Nb4 14. Bb1 Bb5+ 15. Kg1
a5 16. Ng5 Bxg5 17. hxg5 g6 18. Nxg6 fxg6 19. Bxg6+ Kd7 20. Rxh5 Qe7 21. a3 Nc6
22. a4 Ba6 23. Ba3 Nb4 24. Rc1 Rag8 25. f4 Qf8 26. f5 Rxh5 27. fxe6+ Kd8 28.
Qxh5 Qg7 29. Bf7 Qxg5 30. Qxg5+ Rxg5 31. Bxb4 axb4 32. a5 Na8 33. Rc5 Nc7 34.
e7+ Kxe7 35. Rxc7+ Kd8 36. Rc5 Rg4 37. Bxd5 Rxd4 38. Bf3 Ke7 39. Rc7+ Ke6 40.
Bxb7 Rd1+ 41. Kh2 Bd3 42. a6 Ra1 43. Rc5 Bxa6 44. Rc6+ Kxe5 45. Rxa6 Ra3 46. Rb6
Rxb3 47. Ba6 Rb2 48. Bc4 Kd4 49. Bg8 Kc5 50. Rb8 Re2 51. Kh3 Re3+ 52. Kh4 Re2
53. g4 Rg2 54. g5 Kd6 55. Kh5 Ke5 56. Rxb4 Kf5 57. Rb5+ Kf4 58. Kh6 Rh2+ 59. Kg7
Rh5 60. Kf6 Kg4 61. Rb4+ Kg3 62. g6 Rc5 63. Be6 Kh2 64. g7 1-0